[Event "TCh-FRA Top 12 2015"]
[Site "Montpellier FRA"]
[Date "2015.06.09"]
[Round "11.6"]
[Board "6"]
[White "Favarel, Antoine"]
[Black "Rozentalis, Eduardas"]
[Result "0-1"]
[WhiteTitle "FM"]
[BlackTitle "GM"]
[WhiteElo "2374"]
[BlackElo "2529"]
[WhiteTeam "L'ECHIQUIER CHALONNAIS"]
[BlackTeam "C.E. STRASBOURG"]
[WhiteFideId "642371"]
[BlackFideId "12800023"]
[EventDate "2015.05.30"]

1. c4 b6 2. Nc3 Bb7 3. e4 e5 4. Nf3 Nc6 5. d3 Bc5 6. Be2 Nge7 7. a3 a5 8. Nxe5
Nxe5 9. d4 d6 10. dxc5 bxc5 11. f4 Nd7 12. O-O O-O 13. f5 f6 14. Rf4 Ne5 15. Rh4
Qd7 16. a4 g6 17. fxg6 N7xg6 18. Rh5 Rae8 19. Ra3 f5 20. Bh6 Rf7 21. exf5 Rxf5
22. Nd5 Bxd5 23. Qxd5+ Kh8 24. Qd1 Nf4 25. Rxf5 Qxf5 26. Rg3 Rg8 27. Rxg8+ Kxg8
28. Qd2 Nxe2+ 29. Qxe2 Qb1+ 30. Kf2 Qxb2 31. Bd2 Qd4+ 32. Kg3 Qxc4 0-1

[Event "TCh-FRA Top 12 2015"]
[Site "Montpellier FRA"]
[Date "2015.06.09"]
[Round "11.6"]
[Board "8"]
[White "Veillerette, Chantal"]
[Black "Roos, Louis"]
[Result "0-1"]
[BlackTitle "IM"]
[WhiteElo "1754"]
[BlackElo "2370"]
[WhiteTeam "L'ECHIQUIER CHALONNAIS"]
[BlackTeam "C.E. STRASBOURG"]
[WhiteFideId "20609892"]
[BlackFideId "600288"]
[EventDate "2015.05.30"]

1. d4 g6 2. c4 Nf6 3. Nf3 Bg7 4. Nc3 d5 5. cxd5 Nxd5 6. e4 Nxc3 7. bxc3 c5 8.
Be2 Nc6 9. Be3 Bg4 10. Ng1 Bd7 11. Nf3 Qa5 12. Qd2 O-O 13. Rd1 Rfd8 14. O-O Bg4
15. Qb2 cxd4 16. cxd4 Rd7 17. Rd2 Rad8 18. Rfd1 Bxf3 19. Bxf3 Bxd4 20. Bxd4 Nxd4
21. Bg4 Ne2+ 22. Bxe2 Rxd2 23. Rxd2 Rxd2 0-1